000 00316nam a2200109 4500
999 _c507874
_d507874
082 _aB7103x5413 J249
100 _aBihar. Jamshedpur Notified Area Committee
_92681
245 _aBye-laws of the Jamshedpur Notified Area Committee
260 _aJamshedpur
_bGovernment of Bihar
_c1929
300 _a77p.
942 _2ddc